| 000 | 00923nam0a2200277 4500 | ||
|---|---|---|---|
| 001 | RU\NLR\bibl\1143016 | ||
| 005 | 20260408201800.0 | ||
| 035 | _a(NLR Aleph) 001129860 | ||
| 090 |
_a1351035 _c1351035 |
||
| 100 | _a20071019d2007 |||y0rusy50 ca | ||
| 101 | 0 | _arus | |
| 102 | _aRU | ||
| 105 | _aa ||||||||| | ||
| 200 | 1 |
_aМонголия _eинструкция по применению _fЮрий Кручкин |
|
| 210 |
_aУлан-Батор _c[б.и.] _d2007 |
||
| 215 |
_a477,[1] с. _cкарт. _d21 |
||
| 607 |
_aМонголия _xИстория _z21 в. _3RU\NLR\auth\661480692 _92496039 |
||
| 686 | _aТ3(5Мо)7,02 | ||
| 700 | 1 |
_4070 _aКручкин _bЮ. Н. _f1958- _gЮрий Николаевич _9153738 _3RU\NLR\AUTH\770153776 |
|
| 801 | 0 |
_aRU _bNLR _c20071019 _gRCR |
|
| 801 | 1 |
_aRU _bNLR _c20071019 |
|
| 830 | _aАвт. по кн. | ||
| 942 | _cBOOK | ||
| 980 | _aNB | ||